Andrés Bello y los errores idiomáticos

Сохранить в:
Библиографические подробности
Главный автор: López Martín, Alfonso
Формат:
Язык:Undetermined
Опубликовано: San José, Costa Rica Universidad de Costa Rica 1982
Предметы:
Метки: Добавить метку
Нет меток, Требуется 1-ая метка записи!

MARC

LEADER 00000nam a2200000Ia 4500
008 170316s9999 xx 000 0 und d
090 |a 410 L-21a 
100 |a López Martín, Alfonso 
245 |a Andrés Bello y los errores idiomáticos 
260 |a San José, Costa Rica 
260 |b Universidad de Costa Rica 
260 |c 1982 
300 |a 37 páginas 
650 |a LINGÜÍSTICA 
999 |c 18519  |d 18519 
040 |a cru BVZT 
942 |c 15 D  |h 410 L-21a  |2 z